000 00452nam a2200193Ia 4500
005 20250603144837.0
008 250603s9999 xx 000 0 und d
020 _a13:978-0-07-066921-5, 10:0-07-066921-X
050 _aTK 2411.B48/
100 _aS K Bhattacharya
245 0 _aElectrical Machines
250 _a3rd ed.
260 _aNew Delhi
260 _bPearson
260 _c2009
300 _a545 p
650 _aNew Delhi
942 _cBK
999 _c40119
_d40119